Marine (Scotland) Bill (Record no. 109519)

MARC details
000 -LEADER
fixed length control field 01185cad a22002535a 4500
001 - CONTROL NUMBER
control field E147330
008 - FIXED-LENGTH DATA ELEMENTS--GENERAL INFORMATION
fixed length control field 090430s2009 xxk f s000 0 eng d
020 ## - INTERNATIONAL STANDARD BOOK NUMBER
International Standard Book Number 9781406152760
035 ## - SYSTEM CONTROL NUMBER
System control number (Sirsi) u147330
041 0# - LANGUAGE CODE
Language code of text/sound track or separate title eng
050 04 - LIBRARY OF CONGRESS CALL NUMBER
Classification number 333.9164 $2 18
110 2# - MAIN ENTRY--CORPORATE NAME
Corporate name or jurisdiction name as entry element Scotland
Subordinate unit Scottish Government
9 (RLIN) 5344
245 00 - TITLE STATEMENT
Title Marine (Scotland) Bill
Remainder of title (as introduced)
Medium [electronic resource]
260 ## - PUBLICATION, DISTRIBUTION, ETC.
Place of publication, distribution, etc. [Edinburgh]
Name of publisher, distributor, etc. Scottish Parliamentary Corporate Body
Date of publication, distribution, etc. 2009
490 #0 - SERIES STATEMENT
Series statement SP Bill
Volume/sequential designation (25)
520 ## - SUMMARY, ETC.
Summary, etc. A Bill introduced on 29 April 2009, which relates to various aspects of the Scottish marine area, including marine plans, licensing of marine activities, and marine conservation. The Bill has been introduced following a period of consultation (see E144575 and E146472 for the consultation and consultation findings).
521 ## - TARGET AUDIENCE NOTE
Target audience note Advanced
590 ## - LOCAL NOTE (RLIN)
Local note KA
650 24 - SUBJECT ADDED ENTRY--TOPICAL TERM
Topical term or geographic name entry element MARINE (SCOTLAND) BILL
651 #4 - SUBJECT ADDED ENTRY--GEOGRAPHIC NAME
Geographic name Scotland
Chronological subdivision 1999-
690 ## - LOCAL SUBJECT ADDED ENTRY--TOPICAL TERM (OCLC, RLIN)
Topical term or geographic name as entry element PROPERTY-RURAL AND NATURAL ASSETS-MARINE RESOURCES-MARINE RESOURCE MANAGEMENT
856 40 - ELECTRONIC LOCATION AND ACCESS
Uniform Resource Identifier <a href="https://www.scottish.parliament.uk/s3/bills/25-MarineScot/index.htm">https://www.scottish.parliament.uk/s3/bills/25-MarineScot/index.htm</a>
Public note View the Bill free of charge at www.scottish.parliament.uk...
942 ## - ADDED ENTRY ELEMENTS (KOHA)
Suppress in OPAC 0
Holdings
Withdrawn status Lost status Source of classification or shelving scheme Damaged status Not for loan Home library Current library Shelving location Date acquired Total Checkouts Full call number Barcode Date last seen Copy number Price effective from Koha item type
    Dewey Decimal Classification     Virtual Virtual Online 30/04/2009   ONLINE PUBLICATION 147330-2001 06/08/2019 1 06/08/2019 Book